| 000 | 01063nam a2200349Ia 4500 | ||
|---|---|---|---|
| 003 | OSt | ||
| 005 | 20220912145321.0 | ||
| 006 | a|||||r|||| 00| 0 | ||
| 007 | ta | ||
| 008 | 220909b |||||||| |||| 00| 0 eng d | ||
| 020 | _a9781441959447 (hbd) | ||
| 024 | _a123901 | ||
| 037 | _b1261, 04/03/2011, Ashutosh Technical Books | ||
| 037 | _cTextual | ||
| 040 |
_aCSL _beng _cCSL |
||
| 041 | _aeng | ||
| 082 | _aB281, Q0 | ||
| 100 | _aLange Kenneth | ||
| 245 | 0 | _aNumerical analysis for statisticians | |
| 250 | _a2 | ||
| 260 |
_aNew York _bSpringer _c2010 |
||
| 300 |
_axx, 600p. _ccm. |
||
| 490 | _aStatistics and computing | ||
| 500 | _aIncludes bibliographical references.; Appendices 581-584p.; Index 585-600p. | ||
| 650 | _a Economical statistics | ||
| 650 | _a Mathematical statistics | ||
| 650 | _a Statistical programs | ||
| 650 | _a Statistics and computing | ||
| 650 | _aComputer Science | ||
| 942 |
_hB281, Q0 _cTEXL _2CC |
||
| 999 |
_c28819 _d28819 |
||